|
|
|
|
| LEADER |
01510nam a2200385 a 4500 |
| 001 |
EBC3315699 |
| 003 |
MiAaPQ |
| 005 |
20200520144314.0 |
| 006 |
m o d | |
| 007 |
cr cn||||||||| |
| 008 |
110926s2012 ncuac sb 000 0ceng d |
| 010 |
|
|
|z 2011038823
|
| 020 |
|
|
|z 9781617356476 (pbk.)
|
| 020 |
|
|
|z 9781617356483 (hardcover)
|
| 020 |
|
|
|z 9781617356490
|
| 035 |
|
|
|a (MiAaPQ)EBC3315699
|
| 035 |
|
|
|a (Au-PeEL)EBL3315699
|
| 035 |
|
|
|a (CaPaEBR)ebr10534160
|
| 035 |
|
|
|a (OCoLC)923176228
|
| 040 |
|
|
|a MiAaPQ
|c MiAaPQ
|d MiAaPQ
|
| 050 |
|
4 |
|a LJ121.K425
|b C46 2012
|
| 082 |
0 |
4 |
|a 371.8/50973
|2 23
|
| 245 |
0 |
2 |
|a A century of leadership
|h [electronic resource] :
|b biographies of Kappa Delta Pi presidents /
|c edited by O.L. Davis, Jr. and Mindy Spearman.
|
| 260 |
|
|
|a Charlotte, N.C. :
|b Information Age Pub.,
|c c2012.
|
| 300 |
|
|
|a xiv, 377 p. :
|b ill., ports.
|
| 490 |
1 |
|
|a Research in curriculum and instruction
|
| 504 |
|
|
|a Includes bibliographical references.
|
| 533 |
|
|
|a Electronic reproduction. Ann Arbor, MI : ProQuest, 2015. Available via World Wide Web. Access may be limited to ProQuest affiliated libraries.
|
| 610 |
2 |
0 |
|a Kappa Delta Pi (Honor society)
|x Presidents
|v Biography.
|
| 655 |
|
4 |
|a Electronic books.
|
| 700 |
1 |
|
|a Davis, O. L.
|q (Ozro Luke),
|d 1928-
|
| 700 |
1 |
|
|a Spearman, Mindy.
|
| 710 |
2 |
|
|a ProQuest (Firm)
|
| 830 |
|
0 |
|a Research in curriculum and instruction.
|
| 856 |
4 |
0 |
|u https://ebookcentral.proquest.com/lib/matrademy/detail.action?docID=3315699
|z Click to View
|